000 00476cam a22001577a 4500
008 180718b1977 xxu||||| |||| 00| 0 eng d
020 _a0 10 168510 6
082 _aXAx42 Un3h
245 _aHousing policy : a cosultative document
_cby Her Majesty's
260 _aLondon
_bHer Majesty's
_c1977
300 _av,154p
650 _aHousing policy --Canada --Bibliography.
650 _aHousing policy --United States
650 _aHousing policy
700 _aU.K. Her Majesty's
999 _c413994
_d413994